EU加盟国 一覧 - Statistics

General Stats
  • This quiz has been taken 53 times
  • The average score is 24 of 27
Answer Stats
Answer % Correct
フランス
100%
スロバキア
97%
アイルランド
95%
イタリア
95%
オーストリア
95%
ギリシャ
95%
クロアチア
95%
スペイン
95%
チェコ
95%
ドイツ
95%
フィンランド
95%
ポーランド
95%
スウェーデン
92%
スロベニア
92%
ルーマニア
92%
エストニア
90%
ベルギー
90%
ラトビア
90%
リトアニア
90%
ルクセンブルク
90%
オランダ
87%
デンマーク
87%
ポルトガル
87%
ハンガリー
85%
ブルガリア
82%
マルタ
69%
キプロス
59%
No matching quizzes found
Score Distribution
Percent of People with Each Score
Percentile by Number Answered
Your Score History
You have not taken this quiz